header

Suggestions for thought / (Record no. 117425)

MARC details
000 -LEADER
fixed length control field 02053nam a2200445 i 4500
001 - CONTROL NUMBER
control field ebr10755385
003 - CONTROL NUMBER IDENTIFIER
control field CaPaEBR
006 - FIXED-LENGTH DATA ELEMENTS--ADDITIONAL MATERIAL CHARACTERISTICS--GENERAL INFORMATION
fixed length control field m o d
007 - PHYSICAL DESCRIPTION FIXED FIELD--GENERAL INFORMATION
fixed length control field cr cn|||||||||
008 - FIXED-LENGTH DATA ELEMENTS--GENERAL INFORMATION
fixed length control field 930922s1994 pau ob 001 0deng d
020 ## - INTERNATIONAL STANDARD BOOK NUMBER
International Standard Book Number 9780812209945 (e-book)
Cancelled/invalid ISBN 9780812215014
040 ## - CATALOGING SOURCE
Original cataloging agency CaPaEBR
Language of cataloging eng
Description conventions rda
-- pn
Transcribing agency CaPaEBR
035 ## - SYSTEM CONTROL NUMBER
System control number (OCoLC)861527846
050 14 - LIBRARY OF CONGRESS CALL NUMBER
Classification number BL50
Item number .N47 1994eb
082 04 - DEWEY DECIMAL CLASSIFICATION NUMBER
Classification number 291
Edition number 20
100 1# - MAIN ENTRY--PERSONAL NAME
Personal name Nightingale, Florence,
Dates associated with a name 1820-1910.
240 10 - UNIFORM TITLE
Uniform title <a href="Suggestions for thought to the searchers after truth among the artizans of England.">Suggestions for thought to the searchers after truth among the artizans of England.</a>
Form subheading Selections
245 10 - TITLE STATEMENT
Title Suggestions for thought /
Statement of responsibility, etc by Florence Nightingale ; selections and commentaries edited by Michael D. Calabria and Janet A. Macrae.
264 #1 - PRODUCTION, PUBLICATION, DISTRIBUTION, MANUFACTURE, AND COPYRIGHT NOTICE
Place of production, publication, distribution, manufacture Philadelphia :
Name of producer, publisher, distributor, manufacturer University of Pennsylvania Press,
Date of production, publication, distribution, manufacture, or copyright notice [1994]
Date of production, publication, distribution, manufacture, or copyright notice �1994
300 ## - PHYSICAL DESCRIPTION
Extent 1 online resource (220 pages)
336 ## - CONTENT TYPE
Content type term text
Source rdacontent
337 ## - MEDIA TYPE
Media type term computer
Source rdamedia
338 ## - CARRIER TYPE
Carrier type term online resource
Source rdacarrier
490 1# - SERIES STATEMENT
Series statement University of Pennsylvania Press studies in health, illness, and caregiving
504 ## - BIBLIOGRAPHY, ETC. NOTE
Bibliography, etc Includes bibliographical references and index.
588 ## - SOURCE OF DESCRIPTION NOTE
Source of description note Description based on print version record.
590 ## - LOCAL NOTE (RLIN)
Local note Electronic reproduction. Palo Alto, Calif. : ebrary, 2013. Available via World Wide Web. Access may be limited to ebrary affiliated libraries.
600 10 - SUBJECT ADDED ENTRY--PERSONAL NAME
Personal name Nightingale, Florence,
Dates associated with a name 1820-1910
General subdivision Religion.
650 #0 - SUBJECT ADDED ENTRY--TOPICAL TERM
Topical term or geographic name as entry element Ethics.
Topical term or geographic name as entry element Religion.
655 #0 - INDEX TERM--GENRE/FORM
Genre/form data or focus term Electronic books.
700 1# - ADDED ENTRY--PERSONAL NAME
Personal name Calabria, Michael D.
Personal name Macrae, Janet,
Dates associated with a name 1947-
776 08 - ADDITIONAL PHYSICAL FORM ENTRY
Display text Print version:
Main entry heading Nightingale, Florence, 1820-1910.
Title Suggestions for thought.
Place, publisher, and date of publication Philadelphia : University of Pennsylvania Press, [1994]
Physical description xl, 176 pages ; 24 cm.
Series data for related item Studies in health, illness, and caregiving
International Standard Book Number 9780812215014
Record control number (DLC) 93037576
797 2# - LOCAL ADDED ENTRY--CORPORATE NAME (RLIN)
Corporate name or jurisdiction name as entry element ebrary.
830 #0 - SERIES ADDED ENTRY--UNIFORM TITLE
Uniform title Studies in health, illness, and caregiving.
856 40 - ELECTRONIC LOCATION AND ACCESS
Uniform Resource Identifier <a href="http://site.ebrary.com/lib/rucke/Doc?id=10755385">http://site.ebrary.com/lib/rucke/Doc?id=10755385</a>
Public note An electronic book accessible through the World Wide Web; click to view

No items available.

© 2026 Rongo University
Contact us: librarian | system librarian | Rongo university